Châteauroux - Choix multiples - Statistiques

Statistiques générales
  • Ce quiz a été pris 80 fois
  • Le résultat moyen est 6 sur 10
Statistiques - réponses
Question Réponse % Correct
Dans quelle province historique de France se situe Châteauroux ? Le Berry
92%
Dans quel parc naturel régional se trouve-t-on quand on fait à peu près quinze kilomètres de route vers l'ouest/sud-ouest depuis le centre de Châteauroux ? Le Parc naturel régional de la Brenne
89%
Quelle ville connue pour son massepain et la culture de la lentille verte se situe à environ trente kilomètres au nord-est de Châteauroux ? Issoudun
88%
Parmi ces acteurs, lequel est né à Châteauroux ? Gérard Depardieu
85%
Laquelle parmi ces images représente un aspect de Châteauroux ?
73%
Quel système traditionnel de transmission de connaissances et de formation à un métier manuel ou technique, a un musée qui lui est dédié à Châteauroux ? Le compagnonnage
64%
Dans le cadre de quelle organisation internationale une base a été implantée à Châteauroux entre 1951 et 1967 ? L'OTAN
44%
Quel roi de France accompagna Eudes de Châteauroux jusqu'en Égypte et en Terre sainte au cours de la Septième croisade ? Saint Louis
39%
Dans quel sport peu courant en France évoluent les Sabres de Châteauroux ? Le football américain
33%
Dans quel film de 1983 Michel Audiard fait dire à un personnage s'adressant au commissaire Jordan incarné par Jean-Paul Belmondo : "Un jour, avec vos conneries, vous allez vous retrouver à Châteauroux à emballer les voleurs à la tire et les putes." ? Le Marginal
33%
Aucun quiz correspondant
Distribution des résultats
% des personnes avec chaque résultat
Percentile par nombre de réponses
Votre historique - résultats
Vous n’avez pas pris ce quiz